000 01209nam a2200301Ia 4500
001 IA_
002 SITUACION ACTUAL DE LA PRODUCCION Y COMERCIALIZACI
008 220117s xx 000 0 und d
010 _a187852
530 _aDisponible en PDF
583 _a1 ej. impreso ; 2 ej. CD
650 _aCorn
_x Industry and trade
_xMexico
_xTamaulipas
_9163472
650 _aDisease and pest management 1Grain sorghum
_xIndustry and trade
_xMexico
_xTamaulipas 1
_9163802
650 _aEnfermedades y desórdenes de las plantas
_9163473
650 _aEstadística
_938241
650 _aFertilizantes
_940447
650 _aFertilizers
_9151083
650 _aMaíz
_xIndustria y comercio
_xMéxico
_xTamaulipas
_9163475
650 _aManejo de enfermedades y plagas
_9151185
650 _aPlant diseases and disorders
_9163476
650 _aSorgo en grano
_xIndustria y comercio
_xMéxico
_xTamaulipas
_9163477
650 _aStatistics
_9144311
700 1 _aLópez Martínez, Juan Carlos
_9163803
700 _aRamayo Ramírez, José Orlando, asesor
_9163804
700 1 _aReyna Izaguirre, Diana América
_9147338
942 _cTESIS H47 2019
999 _c187852
_d187852